000 00558nam a2200181Ia 4500
003 IN-BaIIA
008 211028s9999 xx 000 0 eng d
040 _cIIA Library
080 _a83.51
_bISI
110 _aIndian Standards Institution
_93286
245 0 _aIndian standards conversion tables for ordinary use
_cIndian Standards Institution
260 _aNew Delhi
_bIndian Standards Institution
_c1957
300 _a28p.
650 _aNASA Thesaurus
650 _aTables
650 _aTables Standards
_93287
942 _cBK
999 _c1661
_d1661